Toisen maailmansodan johtajat - Statistics

Yleistilastot
  • Tätä visaa on pelattu 50 kertaa
  • Keskiarvotulos 11 / 20
Vastaustilastot
Valtio Titteli Johtaja % Oikein
Saksa Führer Adolf Hitler
100%
Neuvosoliitto Kommunistisenpuolueen pääsihteeri Josif Stalin
100%
Suomi Puolustusvoimien ylipäällikkö Carl Gustaf Emil Mannerheim
93%
Italia Duce Benito Mussolini
84%
Winston Churchill
80%
Japani Keisari Hirohito
78%
Yhdysvallat Presidentti Franklin D. Roosevelt
69%
Saksa Gestapon ja SS:n johtaja Heinrich Himmler
69%
Neuvostoliitto Ulkoministeri Vjatšeslav Molotov
60%
Harry S. Truman
51%
Saksa Luftwaffen ylipäällikkö Hermann Göring
49%
Yhdistynyt Kuningaskunta Kuningas Yrjö VI
47%
Vapaa Ranska Johtaja Charles de Gaulle
44%
Yhdistynyt Kuningaskunta Pääministeri Neville Chamberlain
31%
Japani Pääministeri Hideki Tōjō
27%
Vichyn Ranska Valtionpäämies Philippe Pétain
24%
Saksa Kriegsmarinen ylipäällikkö Karl Dönitz
20%
Italia Kuningas Viktor Emanuel III
11%
Thaimaa Pääministeri Phibun
9%
Romania Pääministeri Ion Antonescu
4%
Ehtoja vastaavia visoja ei löytynyt
Tulosjakauma
Jokaisen tuloksen saaneiden osuus
Persentiili vastausten määrän mukaan
Tuloshistoriasi
Et ole pelannut tätä visaa